JToH True or False #1 (OUTDATED) - Statistics

General Stats
  • This quiz has been taken 167 times
  • The average score is 11 of 15
Answer Stats
Question Answer % Correct
Tower of Inception is widely considered by many as the worst tower in the entire game True
98%
Every tower has 10 floors False
94%
When events are over, you are able to replay them anytime you want True
94%
The waterfall obby in Ring 2 leads to Garden of Eeshöl True
94%
JToH was created with inspiration from Tower of Hell False
91%
Tower of Confusion was the first soul-crushing tower in the game True
91%
2019 had the most seasonal events out of any year True
89%
Some events featured 10-floor towers True
87%
Ring 2 never had an easy difficulty tower False
83%
Tower of Infuriating Obstacles (Z3) used to be in Ring 3 True
64%
Tower of Glitching and Healing (R5) was moved down to Remorseless due to multiple complaints about it being too easy False
57%
The Ring 6 Shop was originally meant to be unlocked from a secret ending True
53%
For KToH's 5th anniversary, ObrenTune temporarily released a final tower with 11 floors in the original KToH place True
47%
For every soul-crushing tower you beat, you will obtain a special aura themed around it False
32%
Tower of Icy Blizzards (R5) is known for its heavy use of ice and creative ice mechanics False
25%
No matching quizzes found
Score Distribution
Percent of People with Each Score
Percentile by Number Answered
Your Score History
You have not taken this quiz